[Event "Krakow op"]
[Site "Krakow"]
[Date "2006.04.29"]
[Round "1"]
[White "Bednarski, Waclaw"]
[Black "Szromba, Krzysztof"]
[Result "0-1"]
[WhiteElo "1900"]
[BlackElo "2222"]
[PlyCount "40"]
[EventDate "2006.04.27"]
[EventType "swiss"]
[EventRounds "9"]
[EventCountry "POL"]
[SourceTitle "CBM 112 Extra"]
[Source "ChessBase"]
[SourceDate "2006.07.14"]
[SourceVersion "1"]
[SourceVersionDate "2006.07.14"]
[SourceQuality "1"]

1. d4 f5 2. c4 Nf6 3. Nf3 g6 4. Nc3 Bg7 5. g3 0-0 6. Bg2 d6 7. 0-0 Qe8 8. d5 a5 9. Nd4 Na6 10. Qc2 Nh5 11. e3 f4 12. Nce2 fxg3 13. fxg3 Rxf1+ 14. Kxf1 Bd7 15. Bd2 Nb4 16. Qb1 c5 17. Ne6 Qf7+ 18. Kg1 Bxe6 19. dxe6 Qxe6 20. Bxb4 Qxe3+ 0-1